书目信息 |
| 题名: |
模仿律
|
|
| 作者: | 塔尔德 著 | |
| 分册: | ||
| 出版信息: | 北京 中国传媒大学出版社 2016 |
|
| 页数: | 22,404页 | |
| 开本: | 21cm | |
| 丛书名: | 新闻学与传播经典丛书 | |
| 单 册: | ||
| 中图分类: | B842.9 | |
| 科图分类: | ||
| 主题词: | 模仿--研究--英文 | |
| 电子资源: | ||
| ISBN: | 978-7-5657-1828-1 | |
| 000 | 00970oam2 2200277 450 | |
| 001 | 110 | |
| 005 | 20180519110254.23 | |
| 010 | @a978-7-5657-1828-1@dCNY59.00 | |
| 100 | @a20170427e2016 em y0chiy50 ea | |
| 101 | 0 | @aeng@echi@gchi |
| 102 | @aCN@b110000 | |
| 105 | @ay z 001yy | |
| 200 | 1 | @a模仿律@9mo fang lü@dThe laws of imitation@f(法)加布里埃尔·塔尔德(Gabriel Tarde)著@zeng |
| 205 | @a[影印本] | |
| 210 | @a北京@c中国传媒大学出版社@d2016 | |
| 215 | @a22,404页@d21cm | |
| 225 | 1 | @a新闻学与传播经典丛书@i英文原版系列 |
| 330 | @a本书内容包括:普遍的重复性;社会相似性的模仿;什么是社会?什么是历史?考古学与统计学;逻辑模仿律;超逻辑的影响等。 | |
| 461 | 0 | @12001 @a新闻学与传播经典丛书 |
| 462 | 0 | @12001 @a英文原版系列 |
| 510 | 1 | @aLaws of imitation@zeng |
| 606 | 0 | @a模仿@x研究@j英文 |
| 690 | @aB842.9@v5 | |
| 701 | 0 | @c(法)@a塔尔德@9ta er de@c(Tarde,Gabriel@f1843-1904)@4著 |
| 801 | 0 | @aCN@b91MARC@c20170427 |
| 905 | @aMuseLib@dB842.9@e2105 | |
| 模仿律=The laws of imitation/(法)加布里埃尔·塔尔德(Gabriel Tarde)著.-[影印本].-北京:中国传媒大学出版社,2016 |
| 22,404页;21cm.-(新闻学与传播经典丛书.英文原版系列) |
| ISBN 978-7-5657-1828-1:CNY59.00 |
| 本书内容包括:普遍的重复性;社会相似性的模仿;什么是社会?什么是历史?考古学与统计学;逻辑模仿律;超逻辑的影响等。 |
| ● |
| 相关链接 |
|
|
|
|
正题名:模仿律
索取号:B842.9/2105
 
预约/预借
| 序号 | 登录号 | 条形码 | 馆藏地/架位号 | 状态 | 备注 |
| 1 | 1100586 | 211005865 | 第一样本阅览室/ [索取号:B842.9/2105] | 在馆 | |
| 2 | 1100587 | 211005874 | 教育系资料室/ [索取号:B842.9/2105] | 在馆 | |
| 3 | 1100588 | 211005883 | 教育系资料室/ [索取号:B842.9/2105] | 在馆 | |
| 4 | 1100589 | 211005892 | 教育系资料室/ [索取号:B842.9/2105] | 在馆 | |
| 5 | 1100590 | 211005909 | 第一借阅区/ [索取号:B842.9/2105] | 在馆 | |
| 6 | 1100591 | 211005918 | 第一借阅区/ [索取号:B842.9/2105] | 在馆 |